[Event "Nova Open"]
[Site "Haarlem NED"]
[Date "2004.07.03"]
[Round "3"]
[White "Tan,Mat"]
[Black "Boidman,Y"]
[Result "0-1"]
[WhiteElo "2264"]
[BlackElo "2412"]

1.e4 c5 2.Nf3 Nc6 3.Bb5 g6 4.Bxc6 dxc6 5.d3 Bg7 6.h3 e5 7.O-O Ne7 8.Be3 b6
9.a3 f5 10.b4 f4 11.Bd2 Bf6 12.Bc3 Qd6 13.Nbd2 Be6 14.Nc4 Bxc4 15.dxc4 Qe6
16.bxc5 bxc5 17.Nd2 O-O 18.Qe2 Nc8 19.a4 Nb6 20.a5 f3 21.Nxf3 Nxc4 22.Nd2 Nd6
23.Nb3 c4 24.Nc5 Qf7 25.f4 exf4 26.e5 Nb5 27.Ne4 Bg7 28.Qf3 Nxc3 29.Qxc3 Rae8
30.Nf6+ Bxf6 31.exf6 Re4 32.Rae1 Rxe1 33.Rxe1 Qxf6 34.Qxc4+ Rf7 35.Qc5 Kg7
36.a6 h5 37.Rb1 f3 38.gxf3 Qxf3 39.Rb7 Qg3+ 40.Kh1 Qxh3+ 41.Kg1 Qg3+ 42.Kh1 Qf3+
43.Kg1 Kh6 44.Rxf7 Qxf7 45.Qxc6 Qf4 46.c4 h4 47.Qc8 Qd4+ 48.Kf1 Kg5 49.c5 h3
50.Qxh3 Qxc5 51.Qg3+ Kf6 52.Qf3+ Qf5 53.Kg2 Qxf3+ 54.Kxf3 Kf5  0-1

[Event "ch-NOR"]
[Site "Molde NOR"]
[Date "2004.07.03"]
[Round "1"]
[White "Kristensen,Bj"]
[Black "Stokke,K"]
[Result "1-0"]
[WhiteElo "2375"]
[BlackElo "2214"]

1.e4 c5 2.Nf3 Nc6 3.Bb5 g6 4.O-O Bg7 5.Re1 e5 6.a3 Nge7 7.Nc3 O-O 8.Bc4 d6
9.d3 h6 10.h3 Kh7 11.b4 Nd4 12.Nd5 b5 13.Nxe7 Qxe7 14.Bd5 Bb7 15.c4 Nxf3+
16.Qxf3 bxc4 17.dxc4 Bxd5 18.cxd5 cxb4 19.axb4 f5 20.Be3 Qb7 21.Ra4 h5 22.Rea1 a6
23.exf5 Rxf5 24.Qe4 Bh6 25.g4 hxg4 26.hxg4 Rf7 27.Qh1  1-0

[Event "Open"]
[Site "Nis SCG"]
[Date "2004.07.03"]
[Round "7"]
[White "Djokic,V"]
[Black "Zafirovski,M"]
[Result "1/2-1/2"]
[WhiteElo "2161"]
[BlackElo "2307"]

1.e4 c5 2.Nf3 Nc6 3.Bb5 e6 4.Bxc6 bxc6 5.O-O Ne7 6.b3 Ng6 7.Bb2 f6 8.e5 Be7
9.d3 O-O 10.Nbd2 fxe5 11.Nxe5 Nxe5 12.Bxe5 d6 13.Bg3 e5  1/2-1/2

[Event "TCh-GRE"]
[Site "Aghia Pelagia GRE"]
[Date "2004.07.04"]
[Round "1"]
[White "Kapnisis,S"]
[Black "Gesos,P"]
[Result "1-0"]
[WhiteElo "2429"]
[BlackElo "2304"]

1.e4 c5 2.Nf3 Nc6 3.Bb5 g6 4.O-O Bg7 5.Nc3 e5 6.a3 Nge7 7.b4 cxb4 8.axb4 O-O
9.Bc4 d6 10.b5 Na5 11.Ba2 Be6 12.Bxe6 fxe6 13.Ng5 Rf6 14.Qg4 b6 15.Qh3 h6
16.Nxe6 Qc8 17.Nxg7 Qxh3 18.gxh3 Kxg7 19.d3 Rc8 20.Bd2 g5 21.Ra2 Rf3 22.Nd5 Nxd5
23.exd5 Rxh3 24.Bb4 Kg6 25.f3 Rh4 26.c4 Rd4 27.Ra3 Nb7 28.Rxa7 Nc5 29.Bxc5 Rxc5
30.Rd7 Rxd3 31.Rxd6+ Kf5 32.Rc6 Ra3 33.Rxc5 bxc5 34.Rb1 Kf6 35.b6 Ra8 36.Kf2 Rb8
37.b7 Ke7 38.Ke3  1-0

[Event "Nova Open"]
[Site "Haarlem NED"]
[Date "2004.07.04"]
[Round "5"]
[White "Solodovnichenko,Y"]
[Black "Janssen,R"]
[Result "1/2-1/2"]
[WhiteElo "2507"]
[BlackElo "2484"]

1.e4 c5 2.Nf3 Nc6 3.Bb5 g6 4.O-O Bg7 5.Re1 e5 6.Bxc6 dxc6 7.d3 Ne7 8.a3 a5
9.Be3 b6 10.Nbd2 f6 11.b4 cxb4 12.axb4 a4 13.Qb1 Be6 14.b5 c5 15.Ra3 Qd7
16.Nc4 Bxc4 17.dxc4 O-O 18.Qd1 Qe6 19.Nd2 Nc8 20.Qe2 Rf7 21.f3 Nd6 22.Rea1 Rfa7
23.Qd3 Bf8 24.Kh1 Be7 25.Rb1 Bf8 26.h3 Ra5 27.Re1 R5a7 28.Kg1 Rd7 29.Qe2 Rda7
30.Rea1 Be7 31.Qd3 Bf8 32.Kf1 Be7 33.Kg1 Bf8 34.Rc3 Rd7 35.Qe2 Rda7 36.Raa3 Rd7
37.Qe1 Nf7 38.Rd3 Bh6 39.Bxh6 Nxh6 40.Rd5 Nf7 41.Nb1 Rxd5 42.cxd5 Qd7 43.c4 Nd6
44.Qe2 Qg7 45.Qc2 Qh6 46.Nd2 f5 47.exf5 gxf5 48.Nf1 Qf4 49.Rxa4 Rxa4 50.Qxa4 Nxc4
51.Qa8+ Kg7 52.Qb7+ Kg8 53.Qc8+ Kg7 54.Qd7+ Kg8 55.Qe8+ Kg7 56.Qe7+ Kg8 57.Qe6+ Kg7
58.d6 Qd4+ 59.Kh1 Nxd6 60.Ng3 Kf8 61.Qf6+ Ke8 62.Qh8+ Kd7 63.Qxh7+ Kd8 64.Qg8+ Ke7
65.Qg5+ Ke6 66.h4 e4 67.fxe4 fxe4  1/2-1/2

[Event "Nova Open"]
[Site "Haarlem NED"]
[Date "2004.07.04"]
[Round "6"]
[White "Boidman,Y"]
[Black "De Leur,B"]
[Result "1-0"]
[WhiteElo "2412"]
[BlackElo "2140"]

1.e4 c5 2.Nf3 Nc6 3.Bb5 g6 4.O-O Bg7 5.Nc3 Nd4 6.Ba4 e6 7.Nxd4 cxd4 8.Nb5 Qb6
9.c3 Ne7 10.Nxd4 Bxd4 11.cxd4 Qxd4 12.d3 O-O 13.Rb1 a6 14.Be3 Qd6 15.Rc1 Qb8
16.Bb6 f5 17.Rc7 Nc6 18.d4 fxe4 19.d5 Nd8 20.d6 Nc6 21.Qd2 a5 22.Bb5 Rf5
23.a4 Rd5 24.Qf4 Ne5 25.Qxe4 Nf7 26.Bxd7 Re5 27.Qd4 Bxd7 28.Rxd7 Rf5 29.g4 Rd5
30.Qf6 Qf8 31.Rc1 Rxd6 32.Bc5 Rc8 33.Rxd6 Rxc5 34.Rxc5 Nxd6 35.Qxe6+ Kg7
36.Rc7+ Nf7 37.Rxb7 h6 38.Kf1 h5 39.gxh5 gxh5 40.Ke2 Qg8 41.Qxf7+  1-0

[Event "TCh-GRE"]
[Site "Aghia Pelagia GRE"]
[Date "2004.07.05"]
[Round "2"]
[White "Tzoumbas,A"]
[Black "Mastoras,I"]
[Result "1/2-1/2"]
[WhiteElo "2339"]
[BlackElo "2248"]

1.e4 c5 2.Nf3 Nc6 3.Bb5 e6 4.O-O Nge7 5.b3 a6 6.Bxc6 Nxc6 7.Bb2 Qc7 8.d4 cxd4
9.Nxd4 Nxd4 10.Qxd4 f6 11.Ba3 b5 12.Bxf8 Rxf8 13.Nd2 Bb7 14.c4 Rc8 15.Qd3 b4
16.a3 bxa3 17.Rxa3 Qc5 18.b4 Qc6 19.c5 Ke7 20.Nc4 Qxe4 21.Qxe4 Bxe4 22.Nd6 Rb8
23.Nxe4 Rxb4 24.Nd6 Ra8 25.Ra5 Kd8 26.Rc1 Kc7 27.g3 Kc6 28.Rc2 Ra7 29.Kf1 h5
30.Ne8 h4 31.Rd2 Rb5 32.Rxb5 Kxb5 33.gxh4 a5 34.Ke2 a4 35.Kd1 a3 36.Ra2 Kb4
37.Kc2 Ra5 38.Nxg7 Rxc5+ 39.Kb1 Rc3 40.Re2 Rh3 41.Re4+ Kc5 42.h5 Rxh2 43.Ra4 Kd6
44.Rxa3 Ke7 45.Rd3 f5 46.f4 Rg2 47.h6 Rh2 48.Re3 Kf7 49.Rd3 Ke7 50.Re3 Kf7  1/2-1/2

[Event "54th ch-RUS w"]
[Site "Kazan RUS"]
[Date "2004.07.05"]
[Round "6"]
[White "Polovnikova,E"]
[Black "Shumiakina,T"]
[Result "1/2-1/2"]
[WhiteElo "2406"]
[BlackElo "2337"]

1.e4 c5 2.Nf3 Nc6 3.Bb5 g6 4.O-O Bg7 5.Re1 Nf6 6.e5 Nd5 7.Nc3 Nc7 8.Bxc6 dxc6
9.d3 O-O 10.h3 Ne6 11.Ne4 b6 12.Bg5 Nxg5 13.Nexg5 Qc7 14.Qd2 Bf5 15.Nh4 Bxe5
16.Nxf5 gxf5 17.Qe2 Bg7 18.Qh5 h6 19.Nf3 e6 20.g4 fxg4 21.Qxg4 Kh8 22.Kh1 Rg8
23.Qh5 Qf4 24.Re4 Qf5 25.Qxf5 exf5 26.Re7 Bxb2 27.Rae1 Bc3 28.R1e2 Kg7 29.Ne5 Bxe5
30.R2xe5 Kf6 31.f4 Rgd8 32.Rc7 Re8 33.Rxc6+ Re6 34.Rexe6+ fxe6 35.Rc7 Rd8
36.Kg2 Rd4 37.Kf3 Ra4 38.Rh7 Kg6 39.Re7 Kf6 40.Rh7 Rxa2 41.Rxh6+ Kg7 42.Rxe6 Rxc2
43.Re7+ Kf6 44.Rxa7 b5 45.Rb7 b4 46.d4 Rc3+ 47.Ke2 cxd4  1/2-1/2

[Event "32nd World Open"]
[Site "Philadelphia USA"]
[Date "2004.07.05"]
[Round "8"]
[White "Rouleau,J"]
[Black "Battsetseg,T"]
[Result "1-0"]
[WhiteElo "2258"]
[BlackElo "2246"]

1.e4 c5 2.Nf3 Nc6 3.Bb5 g6 4.O-O Bg7 5.Re1 d6 6.c3 e5 7.d4 cxd4 8.cxd4 Bd7
9.dxe5 dxe5 10.Bg5 f6 11.Be3 a6 12.Bc4 Nge7 13.Nc3 Na5 14.Bd5 Bg4 15.h3 Bxf3
16.Qxf3 Nxd5 17.Nxd5 Nc4 18.Bc5 Rc8 19.Be7 Qa5 20.Red1 Rc6 21.b3 Nd6 22.Qg4 f5
23.exf5 Nxf5 24.Bb4 Qd8 25.Ne7  1-0

[Event "TCh-GRE"]
[Site "Aghia Pelagia GRE"]
[Date "2004.07.06"]
[Round "3"]
[White "Papaioannou,I"]
[Black "Dembo,Y"]
[Result "1-0"]
[WhiteElo "2577"]
[BlackElo "2423"]

1.e4 c5 2.Nf3 Nc6 3.Bb5 g6 4.O-O Bg7 5.c3 Nf6 6.Re1 O-O 7.d3 d6 8.Nbd2 e5
9.Nf1 a6 10.Bxc6 bxc6 11.Ng3 Qc7 12.h3 Bd7 13.Be3 Rfe8 14.Qd2 Rab8 15.Re2 Be6
16.Bh6 Bxh6 17.Qxh6 Qe7 18.d4 Nd7 19.Rd2 f6 20.Rad1 c4 21.dxe5 dxe5 22.Rd6 Nc5
23.Rxc6 Red8 24.Rxd8+ Rxd8 25.Nh4 Rc8 26.Rxc8+ Bxc8 27.Qe3 Be6 28.Kh2 Qd6
29.Qh6 Qf8 30.Qd2 Qb8 31.Qh6 Qf8 32.Qe3 Qd6 33.Nf3 Nd3 34.h4 Qc5 35.b4 cxb3
36.Qxd3 bxa2 37.Qxa6 Qc4 38.Qa8+ Qc8 39.Qa5 Qd7 40.Qa6 Qc8 41.Qa5 Qd7 42.Qa6 Qc8
43.Qa3 Qf8 44.Qa4 Qc8 45.Ne2 Qc4 46.Qa8+ Kg7 47.Nc1 Qf1 48.Qa7+ Bf7 49.Nxa2 Qa1
50.c4  1-0

[Event "TCh-GRE"]
[Site "Aghia Pelagia GRE"]
[Date "2004.07.06"]
[Round "3"]
[White "Pambalou,F"]
[Black "Papadopoulou,V"]
[Result "1/2-1/2"]
[WhiteElo "2088"]
[BlackElo "2266"]

1.e4 c5 2.Nf3 Nc6 3.Bb5 g6 4.c3 Bg7 5.d4 cxd4 6.cxd4 Qb6 7.Nc3 a6 8.Qa4 Rb8
9.Bc4 Qb4 10.Qxb4 Nxb4 11.Bb3 d6 12.O-O Bg4 13.Ng5 Nh6 14.h3 Bd7 15.Rd1 Nc6
16.Be3 Na5 17.Bc2 Nc4 18.Bc1 Rc8 19.a4 Na5 20.f4 O-O 21.Nf3 Be6 22.g4 Kh8
23.Kh2 Ng8 24.e5 dxe5 25.d5 Bd7 26.Nxe5 Bxe5 27.fxe5 Nc4 28.Re1 b5 29.axb5 axb5
30.Ra7 Rfd8 31.Bb3 b4 32.Na2 Bb5 33.Nxb4 Nxe5 34.Kg3 Nd3 35.Nxd3 Bxd3 36.Bd2 Bc4
37.Bxc4 Rxc4 38.Bc3+ f6 39.Ra5 Rc7 40.g5 Rcd7 41.Re6 Kg7 42.Raa6 Rxd5 43.gxf6+ exf6
44.Bxf6+ Nxf6 45.Rxf6 Rd2 46.Rab6 Rc2 47.b4 Rdd2 48.Rf3 Rg2+ 49.Kf4 Rc4+
50.Ke5 Rb2 51.Rb7+ Kh6 52.Rff7 Rbxb4 53.Rxh7+ Kg5  1/2-1/2

[Event "TCh-GRE"]
[Site "Aghia Pelagia GRE"]
[Date "2004.07.06"]
[Round "3"]
[White "Stefanopoulos,O"]
[Black "Tsekouras,T"]
[Result "1/2-1/2"]
[WhiteElo "2252"]
[BlackElo "2269"]

1.e4 c5 2.Nf3 Nc6 3.Bb5 g6 4.O-O Bg7 5.c3 Nf6 6.Re1 O-O 7.d4 d5 8.e5 Ne4
9.Bxc6 bxc6 10.Nbd2 cxd4 11.cxd4 c5 12.Nxe4 dxe4 13.Rxe4 Bb7 14.Re1 Bxf3
15.Qxf3 Qxd4 16.Re4 Qd5 17.Bf4 Rfd8 18.b3 Rac8 19.Rc1 Rd7 20.Qe2 Qe6 21.h3 Rd5
22.Rd1 Rcd8 23.Rxd5 Rxd5 24.Kh2 h6 25.Bg3  1/2-1/2

[Event "Open"]
[Site "Olomouc CZE"]
[Date "2004.07.06"]
[Round "2"]
[White "Arutinian,D"]
[Black "Herbold,M"]
[Result "1-0"]
[WhiteElo "2433"]
[BlackElo "2154"]

1.e4 c5 2.Nf3 Nc6 3.Bb5 g6 4.Bxc6 bxc6 5.O-O Bg7 6.Re1 d6 7.h3 e5 8.c3 Qb6
9.d4 cxd4 10.cxd4 exd4 11.e5 dxe5 12.Nxe5 Be6 13.Nc4 Qc5 14.b3 Rd8 15.Ba3 Qd5
16.Nbd2 Ne7 17.Ne4 Nf5 18.Qd3 Rg8 19.Rac1 g5 20.g4 Nh4 21.Ncd6+ Rxd6 22.Rc5 Qxe4
23.Qxe4 Kd7 24.Rxg5 Rd5 25.Rxd5+ cxd5 26.Qxh7 Nf3+ 27.Kf1 Nxe1 28.Qxg8 Nc2
29.Qxg7 Nxa3 30.Qxd4 Nb5 31.Qc5  1-0

[Event "XX Franca Garcia Mem"]
[Site "Osasco BRA"]
[Date "2004.07.06"]
[Round "7"]
[White "Lima,Da"]
[Black "Matsuura,E"]
[Result "1-0"]
[WhiteElo "2542"]
[BlackElo "2473"]

1.e4 c5 2.Nf3 Nc6 3.Bb5 e6 4.O-O Nge7 5.Nc3 a6 6.Bxc6 bxc6 7.e5 Ng6 8.d4 cxd4
9.Qxd4 Be7 10.Ne4 O-O 11.c4 f6 12.c5 Qc7 13.exf6 Bxf6 14.Nxf6+ gxf6 15.Bh6 Rf7
16.Rad1 Ne7 17.Qg4+ Kh8 18.Qh5 Ng6 19.Nh4 Bb7 20.Bf4 Nxf4 21.Qxf7 Nd5 22.Rd3  1-0

[Event "32nd World Open"]
[Site "Philadelphia USA"]
[Date "2004.07.06"]
[Round "9"]
[White "Kaufman,La"]
[Black "Gamboa,N"]
[Result "1/2-1/2"]
[WhiteElo "2364"]
[BlackElo "2371"]

1.e4 c5 2.Nf3 Nc6 3.Bb5 g6 4.O-O Bg7 5.c3 Nf6 6.Re1 O-O 7.e5 Nd5 8.d4 cxd4
9.cxd4 Nc7 10.Nc3 Nxb5 11.Nxb5 a6 12.Nc3 d6 13.exd6 Qxd6 14.d5 Nb4 15.Bg5 Re8
16.Ne4 Qd7 17.d6 exd6 18.Qd2 Nc6 19.Nf6+ Bxf6 20.Bxf6 Re6 21.Qg5 b5 22.Qh4 h5
23.Rxe6 Qxe6 24.Re1 Ne5 25.Nxe5 dxe5 26.Bxe5 Bb7 27.f3 Re8 28.Bc3 Qb6+ 29.Kf1 Rxe1+
30.Qxe1 Qe6 31.Qd2 Qc4+ 32.Ke1 Qe6+ 33.Kf2 f6 34.Qd8+ Kg7 35.h4 Bd5 36.a3 Qc6
37.Qe7+ Bf7 38.g4 hxg4 39.fxg4 Qb6+ 40.Kf3 Qc6+ 41.Kf2 Qb6+ 42.Kf1 Qe6 43.Qxe6 Bxe6
44.g5 a5 45.Bxa5 fxg5 46.hxg5 Kf7 47.Ke1 Ke7 48.Kd2 Kd6 49.Kc3 Kc6 50.Kb4 Bf5
51.Bd8 Bc2 52.b3 Bd1 53.Bf6 Bc2 54.Bd4 Bd1 55.Be3 Bc2 56.a4 bxa4 57.bxa4 Kb7
58.a5 Ka6  1/2-1/2

[Event "TCh-GRE"]
[Site "Aghia Pelagia GRE"]
[Date "2004.07.07"]
[Round "4"]
[White "Gavrilakis,N"]
[Black "Halkias,S"]
[Result "1/2-1/2"]
[WhiteElo "2402"]
[BlackElo "2533"]

1.e4 c5 2.Nf3 Nc6 3.Bb5 d6 4.c3 Nf6 5.Qe2 Bd7 6.O-O Qc7 7.d4 a6 8.Bxc6 Qxc6
9.d5 Qc7 10.a4 Bg4 11.h3 Bh5 12.Nbd2 Nd7 13.Nc4 Bxf3 14.Qxf3 g6 15.a5 Bg7
16.Bf4 O-O 17.Qe3 Rfe8 18.Qd2 Rad8 19.Rfe1 Qb8 20.Qc2 Rf8 21.Qd2 Rde8 22.Re2 Qc7
23.Rae1 f6 24.Bg3 Ne5 25.Nb6 Nd7 26.Nc4 b5 27.axb6 Nxb6 28.Qd3 Nxc4 29.Qxc4 Qb6
30.Ra1 Ra8 31.Qa4 Qb5 32.Qc2 Rfb8 33.Bf4 a5 34.Ra4 Kf7 35.Bc1 h5 36.Re1 Qb3
37.Qxb3 Rxb3 38.Kf1 Rb5 39.Ke2 f5 40.f3 Rab8 41.Kd3 Rxb2 42.Bxb2 Rxb2 43.exf5 gxf5
44.g4 fxg4 45.hxg4 hxg4 46.fxg4 Rg2 47.Re3 Bf6 48.Kc4 Rxg4+ 49.Kb5 Rg1 50.Rxa5 Rb1+
51.Kc4 Rf1 52.Ra2 Rc1  1/2-1/2

[Event "22nd Open"]
[Site "Andorra la Vella AND"]
[Date "2004.07.07"]
[Round "5"]
[White "De la Riva Aguado,O"]
[Black "Al Sayed,Mohamad"]
[Result "0-1"]
[WhiteElo "2552"]
[BlackElo "2443"]

1.e4 c5 2.Nf3 Nc6 3.Bb5 g6 4.O-O Bg7 5.c3 Nf6 6.e5 Nd5 7.d4 Nc7 8.a4 cxd4
9.cxd4 O-O 10.Nc3 d6 11.Bg5 Ne6 12.Be3 Nc7 13.Rc1 a6 14.Be2 Bg4 15.exd6 Qxd6
16.d5 Nb4 17.Ne4 Qd7 18.d6 Ne6 19.Qb3 Nc6 20.Qd5 Rfd8 21.Rfd1 exd6 22.h3 Bxf3
23.Bxf3 Ne5 24.Be2 Qxa4 25.b3 Qd7 26.Nxd6 Nc6 27.Qe4 Ned4 28.Bf4 Re8 29.Nxe8 Rxe8
30.Qd3 Rxe2 31.Be3 Re1+ 32.Kh2 Qd6+ 33.f4 Rxd1 34.Rxd1 Qd5 35.Bxd4 Qxd4 36.Qf3 Qb4
37.Rd7 Bf6 38.g3 Nd4 39.Qd3 b5 40.h4 Qxb3  0-1

[Event "Valoz Cup"]
[Site "Olomouc CZE"]
[Date "2004.07.07"]
[Round "5"]
[White "Webb,Ri"]
[Black "Kuba,J"]
[Result "1-0"]
[WhiteElo "2309"]
[BlackElo "2194"]

1.e4 c5 2.Nf3 Nc6 3.Bb5 g6 4.O-O Bg7 5.Re1 e5 6.c3 Nge7 7.d4 cxd4 8.cxd4 Nxd4
9.Nxd4 exd4 10.e5 Nc6 11.Bf4 O-O 12.Nd2 Qb6 13.a4 a6 14.Bc4 d5 15.exd6 Qxb2
16.Rb1 Qc3 17.Rc1 Qa5 18.Rb1 Ra7 19.Ne4 Qf5 20.Bg3 Bd7 21.Kh1 Qa5 22.Bh4 Qf5
23.Be7 Rfa8 24.Ng3 Qf4 25.Re4 Qxf2 26.Re2 Qf4 27.Re4 Qh6 28.Bxf7+ Kh8 29.Rh4 Qe3
30.Bxg6 h6 31.Re4 Qf2 32.Bh4 Qf8 33.Nh5 Qxd6 34.Nxg7 Qxg6 35.Rf4 Kxg7 36.Rb3 Rf8
37.Rxf8 Kxf8 38.Rf3+ Ke8 39.Qe2+ Be6 40.Rf6 Qb1+ 41.Rf1 Qa2 42.Qf3 Kd7 43.Qf8 Kc7
44.a5 Qd5 45.Bg3+ Kd7 46.Qg7+ Ne7 47.Bh4 Qc4 48.Qxe7+ Kc6 49.Rb1 d3 50.Rb6+  1-0

[Event "Proclient Cup"]
[Site "Olomouc CZE"]
[Date "2004.07.07"]
[Round "5"]
[White "Kennaugh,C"]
[Black "Kraemer,Mar"]
[Result "1/2-1/2"]
[WhiteElo "2287"]
[BlackElo "2295"]

1.e4 c5 2.Nf3 Nc6 3.Bb5 e6 4.Bxc6 bxc6 5.b3 f6 6.O-O Nh6 7.Re1 Nf7 8.Bb2 Be7
9.d4 cxd4 10.Nxd4 O-O 11.c4 c5 12.Nc2 Bb7 13.Nc3 a6 14.Qd2 Qc7 15.Rad1 Rad8
16.Ne3 Bd6 17.h3 Bh2+ 18.Kh1 Ng5 19.Qe2 Be5 20.f3 Bg3 21.Rf1 Bf4 22.Rfe1 Nf7
23.Qc2 Ne5 24.Ba3 Ng6 25.Na4 d6 26.Bc1 Qf7 27.Qf2 Be5 28.Bb2 Nf4 29.Rd2 Bc6
30.Bxe5 fxe5 31.Nc3 Qh5 32.Ng4 Qg5 33.Red1 h5 34.Ne3 Qe7 35.Kh2 Rf6 36.Qh4  1/2-1/2

[Event "TCh-GRE"]
[Site "Aghia Pelagia GRE"]
[Date "2004.07.08"]
[Round "6"]
[White "Markidis,K"]
[Black "Souleidis,G"]
[Result "1/2-1/2"]
[WhiteElo "2381"]
[BlackElo "2391"]

1.e4 c5 2.Nf3 Nc6 3.Bb5 g6 4.Bxc6 dxc6 5.d3 Bg7 6.h3 b6 7.Nc3 e5 8.Be3 Ne7
9.Qd2 h6 10.Ng1 f5 11.g3 g5 12.f4 exf4 13.gxf4 gxf4 14.Bxf4 Ng6 15.Nge2 Nxf4
16.Qxf4 Qg5 17.Qf2 O-O 18.Rg1 Qf6 19.Qg3 Rf7 20.e5 Qe7 21.Nf4 Qxe5+ 22.Kd2 Bd7
23.Rae1 Qd6 24.Rg2 Kh7 25.Nce2 Rg8 26.Kd1 Rff8 27.Ng6 Rf6 28.Nef4 Bh8 29.Qh4 Rfxg6
30.Nxg6 Bf6 31.Qf4 Qd5 32.Reg1 Be8 33.Qc7+ Qf7 34.Qd6 Bd4 35.Ne5 Qh5+ 36.Ke1 Qh4+
37.Kd1 Qh5+ 38.Ke1 Qh4+ 39.Kd1 Bh5+ 40.Kc1 Be3+ 41.Kb1 Bxg1 42.Qc7+ Kh8 43.Rxg8+ Kxg8
44.Qc8+ Kg7 45.Qc7+  1/2-1/2

[Event "TCh-GRE"]
[Site "Aghia Pelagia GRE"]
[Date "2004.07.08"]
[Round "6"]
[White "Panagopoulos,N"]
[Black "Nikolaidis,K"]
[Result "1-0"]
[WhiteElo "2306"]
[BlackElo "2296"]

1.e4 c5 2.Nf3 Nc6 3.Bb5 g6 4.Bxc6 dxc6 5.d3 Bg7 6.Nc3 e5 7.Be3 Qe7 8.h3 Nf6
9.Qd2 Nd7 10.O-O-O a5 11.Bh6 Bxh6 12.Qxh6 f6 13.Nh4 Rf8 14.g3 a4 15.f4 b5
16.f5 g5 17.Ng2 Rf7 18.Ne3 c4 19.dxc4 b4 20.Nb1 Qc5 21.Rd3 Nb6 22.Nd2 Ba6
23.b3 Qa5 24.h4 axb3 25.cxb3 gxh4 26.Rxh4 Qa3+ 27.Kd1 Rd8 28.Rxd8+ Kxd8 29.Rg4 Qxa2
30.Rg7 Rxg7 31.Qxg7 Nd7 32.Qxh7 Qa1+ 33.Ke2 Qd4 34.Qh1 Nc5 35.Qb1 Qc3 36.Qc2 Qxc2
37.Nxc2 Nxb3 38.Nxb4 Nxd2 39.Kxd2 Bxc4 40.Nxc6+ Kd7 41.Nb4 Kd6 42.Kc3 Bf7
43.Nd3 Bh5 44.Nb4 Bf7 45.Nc2 Bh5 46.Ne3 Bf7 47.Kb4 Bg8 48.Ng4 Ke7 49.Kc5 Ba2
50.Ne3 Bb1 51.Nd5+ Kf7 52.Nc3 Bd3 53.Kd6 Bc2 54.g4 Bd3 55.g5 fxg5 56.Kxe5 Bc2
57.Ne2 Bd3 58.Ng3 Bc2 59.Kd4 Bb3 60.e5 Ke7 61.Ne4 g4 62.Ke3 Bc2 63.Kf4 Bd3  1-0

[Event "TCh-GRE"]
[Site "Aghia Pelagia GRE"]
[Date "2004.07.08"]
[Round "6"]
[White "Ris,R"]
[Black "Ziogas,P"]
[Result "1-0"]
[WhiteElo "2336"]
[BlackElo "2124"]

1.e4 c5 2.Nf3 Nc6 3.Bb5 Qb6 4.Nc3 e6 5.O-O a6 6.Bxc6 Qxc6 7.d4 cxd4 8.Nxd4 Qc7
9.Qe2 d6 10.a4 Nf6 11.a5 Be7 12.Be3 Bd7 13.Nb3 Rc8 14.Nd2 O-O 15.Bb6 Qb8
16.Rfd1 Bc6 17.f4 Nd7 18.Be3 Bf6 19.Qd3 Nc5 20.Bxc5 dxc5 21.e5 Be7 22.Nc4 Rcd8
23.Qe3 Rxd1+ 24.Rxd1 Rd8 25.Rd3 Rxd3 26.Qxd3 Qd8 27.Qxd8+ Bxd8 28.Kf2 Kf8
29.g3 Ke7 30.Ke3 Bb5 31.Nxb5 axb5 32.Nd6 Bxa5 33.Nxb5 Bd8 34.Kd3 f6 35.exf6+ gxf6
36.g4 Kd7 37.Ke4 Kc6 38.c4 Kd7 39.f5 Ba5 40.h3 Bd8 41.b3 Ba5 42.Na3 Bb4 43.Nc2 Bd2
44.h4 Bc1 45.Ne1 Bb2 46.Nd3 Ba3 47.Nf4 exf5+ 48.Kxf5 Ke7 49.Nd5+ Kf7 50.Nxf6 h6
51.Ne4 b6 52.Nd6+ Kg7 53.Nc8  1-0

[Event "GP CG de l'Heralt"]
[Site "Montpellier FRA"]
[Date "2004.07.09"]
[Round "5"]
[White "Helstroffer,A"]
[Black "Prie,E"]
[Result "0-1"]
[WhiteElo "2192"]
[BlackElo "2441"]

1.e4 c5 2.Nf3 Nc6 3.Bb5 g6 4.O-O Bg7 5.Re1 e5 6.b4 cxb4 7.a3 b3 8.cxb3 Nge7
9.Bb2 O-O 10.b4 d5 11.Bxc6 Nxc6 12.b5 dxe4 13.bxc6 exf3 14.Qxf3 bxc6 15.Qxc6 Rb8
16.Qc1 Qg5 17.Nc3 Bh3 18.g3 Qf6 19.Nd5 Qf3 20.Ne3 Bh6  0-1

[Event "TCh-GRE"]
[Site "Aghia Pelagia GRE"]
[Date "2004.07.10"]
[Round "8"]
[White "Kotrotsos,V"]
[Black "Logothetis,S"]
[Result "1/2-1/2"]
[WhiteElo "2274"]
[BlackElo "2233"]

1.e4 c5 2.Nf3 Nc6 3.Bb5 g6 4.O-O Bg7 5.c3 Nf6 6.Qa4 O-O 7.d4 cxd4 8.cxd4 d6
9.Bxc6 bxc6 10.Qxc6 Bg4  1/2-1/2

[Event "Open A"]
[Site "Klatovy CZE"]
[Date "2004.07.10"]
[Round "8"]
[White "Novy,V"]
[Black "Vinklarek,O"]
[Result "1/2-1/2"]
[WhiteElo "2093"]
[BlackElo "2044"]

1.e4 c5 2.Nf3 Nc6 3.Bb5 Qb6 4.Bc4 g6 5.O-O Bg7 6.c3 d6 7.Na3 Nf6 8.Re1 O-O
9.h3 Nd7 10.d3 Na5 11.Qc2 Qc7 12.Bg5 Re8 13.Qd2 a6 14.Bh6 Bh8 15.Qf4 e6 16.Bb3 Nxb3
17.axb3 Ne5 18.Nxe5 Bxe5 19.Qh4 Bd7 20.Nc4 Bh8 21.Bf4 e5 22.Bg5 Re6 23.Ne3 f6
24.Nd5 Qd8 25.Bd2 Bc6 26.c4 Bxd5 27.Ba5 Qd7 28.cxd5  1/2-1/2

[Event "Skanska Cup"]
[Site "Olomouc CZE"]
[Date "2004.07.10"]
[Round "9"]
[White "Sarakauskas,G"]
[Black "Balabaev,T"]
[Result "1-0"]
[WhiteElo "2442"]
[BlackElo "2454"]

1.e4 c5 2.Nf3 Nc6 3.Bb5 g6 4.O-O Bg7 5.c3 Nf6 6.Re1 O-O 7.h3 e5 8.a3 d6 9.Bxc6 bxc6
10.d3 Re8 11.b4 Nd7 12.Nbd2 Ba6 13.Nb3 d5 14.exd5 cxd5 15.bxc5 e4 16.c6 Nb6
17.Nfd4 Bxd3 18.Nc5 Bc4 19.a4 Qd6 20.Nb7 Qc7 21.Na5 Nc8 22.Nxc4 dxc4 23.a5 Nd6
24.Bf4 Be5 25.Qd2 f6 26.Bxe5 Rxe5 27.Qf4 Rf8 28.a6 g5 29.Qg4 Rfe8 30.Qd7 R8e7
31.Qxc7 Rxc7 32.Reb1 Kf7 33.Rb7 Ree7 34.Rxc7 Rxc7 35.Rb1 Kg6 36.Rb7 Ne8 37.g4 Rf7
38.Nb5 Kg7 39.c7  1-0

[Event "VII Magistral"]
[Site "Vicente Lopez ARG"]
[Date "2004.07.10"]
[Round "2"]
[White "Rosito,J"]
[Black "Zambrana,O"]
[Result "0-1"]
[WhiteElo "2424"]
[BlackElo "2472"]

1.e4 c5 2.Nf3 Nc6 3.Bb5 g6 4.Bxc6 dxc6 5.d3 Bg7 6.h3 Nf6 7.Nc3 O-O 8.Be3 b6
9.Qd2 e5 10.Bh6 Qd6 11.Bxg7 Kxg7 12.O-O Be6 13.b3 b5 14.Qe3 Nd7 15.Ne2 f5
16.exf5 gxf5 17.Ng5 f4 18.Nxe6+ Qxe6 19.Qf3 Kh8 20.Rfe1 Qh6 21.Nc3 Rf7 22.Kh1 Rg8
23.a4 e4 24.Qxe4 f3 25.Rg1 Rf4 26.Qe3 Nf6 27.Qe5 fxg2+ 28.Kh2 Rf3  0-1

[Event "22nd Open"]
[Site "Andorra la Vella AND"]
[Date "2004.07.11"]
[Round "9"]
[White "Djingarova,E"]
[Black "Campos Moreno,J"]
[Result "1-0"]
[WhiteElo "2273"]
[BlackElo "2491"]

1.e4 c5 2.Nf3 Nc6 3.Bb5 g6 4.O-O Bg7 5.c3 Nf6 6.Qe2 O-O 7.Rd1 d5 8.e5 Ne8
9.Bxc6 bxc6 10.h3 c4 11.d3 cxd3 12.Qxd3 Qb6 13.Be3 Qxb2 14.Nbd2 Nc7 15.Bc5 Bf5
16.Qe3 Nb5 17.Rdc1 Na3 18.Nd4 Nc2 19.Nxc2 Bxc2 20.a4 Be4 21.Nxe4 dxe4 22.Qxe4 Qb7
23.a5 Qc7 24.Re1 Rfd8 25.c4 Rd2 26.a6 e6 27.Rab1 Rad8 28.Bd6 R2xd6 29.exd6 Qxd6
30.Rb7 Bd4 31.Qf3 Rf8 32.Rd1 Qc5 33.Rxd4 Qxd4 34.Qxc6 e5 35.c5 Qc4 36.g3 e4
37.Re7 Rd8 38.Re8+ Rxe8 39.Qxe8+ Kg7 40.c6 e3 41.Qxe3 Qxa6 42.Qd4+ Kh6 43.c7  1-0

[Event "Open"]
[Site "Condom FRA"]
[Date "2004.07.11"]
[Round "2"]
[White "Fedorchuk,S"]
[Black "Pucher,S"]
[Result "0-1"]
[WhiteElo "2569"]
[BlackElo "2135"]

1.e4 c5 2.Nf3 Nc6 3.Bb5 g6 4.Bxc6 dxc6 5.d3 Bg7 6.h3 Nf6 7.Nc3 Nd7 8.Be3 e5
9.Qd2 Qe7 10.Bh6 f6 11.Bxg7 Qxg7 12.Nh2 Nf8 13.f4 exf4 14.Qxf4 Ne6 15.Qf2 Nd4
16.Nf3 Nxf3+ 17.gxf3 Qe7 18.O-O-O Be6 19.d4 cxd4 20.Qxd4 O-O 21.h4 Rfd8 22.Qe3 b6
23.Rdg1 Bf7 24.h5 g5 25.f4 h6 26.e5 Kh8 27.Qe4 Qe6 28.fxg5 fxg5 29.Rf1 Re8
30.Rf5 Kg7 31.Qf3 Rf8 32.Ne2 Rad8 33.Rg1 Qe7 34.Ng3 Be6 35.Qxc6 Rxf5 36.Nxf5+ Bxf5  0-1

[Event "ch-SCCF State"]
[Site "Los Angeles USA"]
[Date "2004.07.11"]
[Round "4"]
[White "Peters,Joh"]
[Black "Casella,M"]
[Result "1-0"]
[WhiteElo "2424"]
[BlackElo "2277"]

1.e4 c5 2.Nf3 Nc6 3.Bb5 g6 4.Bxc6 dxc6 5.d3 Bg7 6.Nc3 Bg4 7.h3 Bxf3 8.Qxf3 Nf6
9.Be3 Nd7 10.O-O e5 11.Qe2 Qe7 12.f4 exf4 13.Rxf4 Nf8 14.Raf1 Ne6 15.Rxf7 Qxf7
16.Rxf7 Kxf7 17.Qf2+ Ke8 18.Bxc5 b6 19.Be3 Rf8 20.Qh4 Kf7 21.Ne2 Rad8 22.b4 Rd7
23.d4 Kg8 24.c3 h5 25.e5 Kh7 26.Qe4 Rdf7 27.Ng3 Bh6 28.Bxh6 Kxh6 29.Qxc6 h4
30.Ne4 Rf1+ 31.Kh2 R8f4 32.Nf6 Ng7 33.Ng8+  1-0

[Event "FSGM July"]
[Site "Budapest HUN"]
[Date "2004.07.12"]
[Round "10"]
[White "Predojevic,B"]
[Black "Paschall,W"]
[Result "1/2-1/2"]
[WhiteElo "2490"]
[BlackElo "2381"]

1.e4 c5 2.Nf3 Nc6 3.Bb5 d6 4.O-O Bd7 5.Re1 Nf6 6.h3 Ne5 7.Nxe5 Bxb5 8.Nc3 dxe5
9.Nxb5 Qd7 10.Na3 e6 11.Nc4 Bd6 12.a4 Bc7 13.d3 Qc6 14.Bd2 O-O 15.Qb1 Nd7
16.b4 cxb4 17.Qxb4 Rfc8 18.Qb5 a6 19.Qxc6 bxc6 20.Reb1 Rab8 21.Be3 Kf8 22.Kf1 Rxb1+
23.Rxb1 Rb8 24.Rxb8+ Nxb8 25.Ke2 Nd7 26.Kd2 Ke7 27.g4 c5 28.Kc3 Kd8 29.f3  1/2-1/2

[Event "GP CG de l'Heralt"]
[Site "Montpellier FRA"]
[Date "2004.07.12"]
[Round "8"]
[White "Libiszewski,F"]
[Black "Flear,C"]
[Result "0-1"]
[WhiteElo "2425"]
[BlackElo "2257"]

1.e4 c5 2.Nf3 Nc6 3.Bb5 g6 4.Nc3 Bg7 5.O-O Nd4 6.Nxd4 cxd4 7.Ne2 Qb6 8.Bc4 Nf6
9.d3 d6 10.a4 a5 11.c3 dxc3 12.bxc3 O-O 13.Be3 Qc7 14.f3 Bd7 15.Qb3 Bc6 16.Rfb1 e6
17.Bb5 Nd7 18.d4 Rab8 19.Bd3 b6 20.Qa3 Rfe8 21.Qc1 f5 22.exf5 gxf5 23.Ra3 Kh8
24.c4 Nf6 25.d5 exd5 26.Bd4 Qf7 27.Ng3 dxc4 28.Bxc4 Nd5 29.Bxg7+ Qxg7 30.Nxf5 Qf6
31.Bxd5 Bxd5 32.Qc3 Re5 33.Ne3 Qg6 34.Rf1 Rg8 35.Qb2 Rg7 36.Rc3 Bb7 37.Ng4 Ree7
38.Rfc1 h5 39.Nf6 Qf5 40.Rb3 Re5 41.Rxb6 Qxf3 42.Rxb7 Qe3+  0-1